000 01398nam a2200265Ia 4500
003 CO-BoRNBP
005 20231030143913.0
008 160315s2008 pe g 000 0 spa
020 _a9789942015846 (obra completa)
040 _aCO-BoRNBP
_bspa
_erda
_cCO-BoRNBP
082 0 4 _aR 621.436 / M843m
_222
100 1 _aMoreno Sánchez, Gabriel Felipe
_99335
245 1 0 _aMotores diesel
_bmanual de mantenimiento y reparación
_cGabriel Felipe Moreno Sánchez, Luis Gabriel Castro Moreno ; ilustraciones Daniel Andrés Becerra Mateus, Ricardo Hérnan Ramírez Gallo
250 _a1a. edición
264 _a[Lima]
_bDiseli Editoires
_c2008
300 _a3 volúmenes
_bilustraciones
_c29 cm
_e1 DVD
336 _atexto
_btxt
_2rdacontent
337 _asin mediación
_bn
_2rdamedia
338 _avolumen
_bnc
_2rdacarrier
500 _aIncluye glosario
505 _avolumen.1 Funcionamiento de los motores diesel. -- volumen2 Diferencias mecánicas entre el motor diesel y el motor de gasolina -- Sensores -- Lubricación del motor sistemas alternos del motor diesel -- volumen.3 Mantenimiento y reparición de los motores diesel -- Análisis de fallas en los motores diesel
505 _aEl DVD contiene : Funcionamiento de los motores diesel, detección de fallas en motores diesel y glosario de términos
650 1 4 _2LEMB
_aMotores diesel
_xMantenimiento y reparación
_914537
942 _2ddc
_cREF
999 _c2549
_d2549